000 00665cab a2200205 4500
001 ABS39842
008 090401t1988 xxu||||| |||| 00| 0 eng d
035 _a(Sirsi) u19326
041 _aeng
100 _aButler, R.
245 _aTax advantages in the single market
260 _c1988
350 _a0
490 _aDirector
_v42(2) September 1988, 35(1)
520 _aExplains the tax position of an individual who moves to an EC country to work full-time, therefore becoming non-resident in the UK. Also advises on social security and pension arrangements.
650 _aTAXATION
690 _aEUROPE-SINGLE MARKET
942 _n0
948 _c04/03/1997
999 _c12890
_d12890